The Arabian nights (Record no. 2849)
[ view plain ]
| 000 -LEADER | |
|---|---|
| fixed length control field | 01068nam a2200289Ia 4500 |
| 100 1# - MAIN ENTRY--AUTHOR NAME | |
| Personal name | Burton, Richard Francis, |
| 245 14 - TITLE STATEMENT | |
| Title | The Arabian nights |
| 260 ## - PUBLICATION, DISTRIBUTION, ETC. (IMPRINT) | |
| Place of publication | Blacksburg, VA : |
| Name of publisher | Virginia Tech, |
| Year of publication | 2001. |
| 300 ## - PHYSICAL DESCRIPTION | |
| Number of Pages | 330 p. |
| 650 #0 - SUBJECT ADDED ENTRY--TOPICAL TERM | |
| Topical Term | Tales |
| Topical Term | Arabs |
| Topical Term | Arabic literature. |
| 856 40 - ELECTRONIC LOCATION AND ACCESS | |
| Uniform Resource Identifier | http://site.ebrary.com/lib/rucke/Doc?id=5000503 |
No items available.
